000 00757nam a2200241Ia 4500
003 OSt
005 20220927103142.0
006 a|||||r|||| 00| 0
007 ta
008 220926b |||||||| |||| 00| 0 eng d
024 _a19716
037 _cReference Collections
040 _aRTL
_cRTL
_beng
041 _2eng
_aeng
082 _a"YogFa, M3/BB"
100 _aSchmeikal Bettina Ed.
_9353894
245 0 _aImpact of technology on society
_b A documentation
260 _aOxford
_bPergamon Press
_c1983
300 _a"xxv,258p"
_ccm.
490 _aEuropean Coordination Centre for Research and Documentation in Social Sciences
942 _h"YogFa, M3/BB"
_cCC
999 _c681039
_d681039